| 000 | 00709nam a2200253Ia 4500 | ||
|---|---|---|---|
| 003 | OSt | ||
| 005 | 20221007110053.0 | ||
| 006 | a|||||r|||| 00| 0 | ||
| 007 | ta | ||
| 008 | 221006b |||||||| |||| 00| 0 eng d | ||
| 024 | _a20,296 | ||
| 037 | _cTextual | ||
| 040 |
_aLCO _cLCO _beng |
||
| 041 |
_2eng _aeng |
||
| 082 | _aZ2,122, L8 | ||
| 100 | _aVirendra Kumar | ||
| 245 | 0 |
_aAlimony and Maintenance _b in the Light of the Changing Concept of Marriage and Divorce |
|
| 250 | _a1st | ||
| 260 |
_aChandigarh _bPublication Bureau India _c1978 |
||
| 300 | _a368 | ||
| 650 | _aMARRIAGE AND DIVORCE | ||
| 942 |
_hZ2,122, L8 _cTEXL |
||
| 999 |
_c1189859 _d1189859 |
||